[Event "XXVII Festival Isola d'Elba A"]
[Site "Capoliveri ITA"]
[Date "2009.05.??"]
[Round "2"]
[White "Scipioni, Gaetano"]
[Black "Cordara, Michele"]
[Result "0-1"]
[WhiteElo "2060"]
[BlackElo "2093"]
[PlyCount "50"]
[EventDate "2009.05.10"]

1. d4 Nf6 2. Nf3 c5 3. c3 b6 4. Bf4 Ba6 5. Qa4 Qc8 6. dxc5 bxc5 7. c4 g6 8. Nc3
Bg7 9. Nb5 O-O 10. e3 d6 11. Be2 Nh5 12. Qa3 Nxf4 13. exf4 Nc6 14. O-O Bb7 15.
Rad1 a6 16. Nc3 Nd4 17. Nxd4 Bxd4 18. Nd5 Bxd5 19. cxd5 Qf5 20. g3 Qc2 21. Bxa6
Bxf2+ 22. Kg2 Bd4+ 23. Kh3 Qf5+ 24. Kg2 Qxd5+ 25. Kh3 Qc6 0-1

[Event "XXVII Festival Isola d'Elba A"]
[Site "Capoliveri ITA"]
[Date "2009.05.??"]
[Round "3"]
[White "Acunzo, Domenico"]
[Black "Ricci, Alfredo"]
[Result "0-1"]
[WhiteElo "1830"]
[BlackElo "2024"]
[PlyCount "76"]
[EventDate "2009.05.10"]

1. e4 c5 2. Nf3 e6 3. d4 cxd4 4. Nxd4 a6 5. Nc3 Qc7 6. Be3 Nf6 7. Bd3 b5 8. O-O
Bb7 9. f3 d6 10. Kh1 Nbd7 11. Rc1 Rc8 12. Qe2 Be7 13. Qf2 O-O 14. Nde2 Nc5 15.
Ng3 b4 16. Nce2 d5 17. exd5 Nxd5 18. Ne4 Nxe3 19. Qxe3 Qe5 20. b3 Nxd3 21. cxd3
Rfd8 22. Qb6 Qb5 23. Qxb5 axb5 24. d4 g5 25. Nc5 Bd5 26. h3 e5 27. Nd3 exd4 28.
Nxd4 Rc3 29. Nf5 Bf8 30. Ne5 Be6 31. Ng3 Bd6 32. Rce1 Rc2 33. Nh5 Be7 34. Ra1
Rdd2 35. Ng4 Bxg4 36. fxg4 Rxg2 37. Rfe1 Rh2+ 38. Kg1 Bc5+ 0-1

[Event "XXVII Festival Isola d'Elba A"]
[Site "Capoliveri ITA"]
[Date "2009.05.??"]
[Round "3"]
[White "Bardelli, Alberto"]
[Black "Bossoni, Mario"]
[Result "0-1"]
[WhiteElo "1802"]
[BlackElo "1973"]
[PlyCount "58"]
[EventDate "2009.05.10"]

1. e4 c5 2. Nf3 e6 3. d4 cxd4 4. Nxd4 Nf6 5. Bd3 Nc6 6. c3 d5 7. Nd2 Nxd4 8.
cxd4 dxe4 9. Nxe4 Bb4+ 10. Bd2 Bxd2+ 11. Qxd2 O-O 12. Nxf6+ Qxf6 13. O-O b6 14.
Be4 Ba6 15. Rfd1 Rad8 16. Qb4 Be2 17. Rd2 Bh5 18. d5 exd5 19. Bxd5 Qg5 20. f4
Qf6 21. Re1 Rfe8 22. Rc1 a5 23. Qc4 Qe7 24. Qd4 Rxd5 25. Qxd5 Qe3+ 26. Rf2
Qxc1+ 27. Rf1 Qe3+ 28. Kh1 Qxf4 29. Qb5 Qe5 0-1

[Event "XXVII Festival Isola d'Elba A"]
[Site "Capoliveri ITA"]
[Date "2009.05.??"]
[Round "3"]
[White "Cacinschi, Alexandru"]
[Black "Colombo, Paolo"]
[Result "0-1"]
[WhiteElo "1949"]
[BlackElo "2138"]
[PlyCount "118"]
[EventDate "2009.05.10"]

1. e4 d6 2. d4 Nf6 3. Nc3 c6 4. h3 Qc7 5. Nf3 e5 6. Be3 Nbd7 7. Bd3 Be7 8. O-O
Nf8 9. Qe2 Ng6 10. Rad1 Nh5 11. Qd2 Nhf4 12. Ne2 Nxd3 13. Qxd3 O-O 14. Ng3 Nh4
15. Nxh4 Bxh4 16. Nf5 Bxf5 17. exf5 d5 18. dxe5 Qxe5 19. Bd4 Qd6 20. Qc3 Qh6
21. Rd3 Rfe8 22. Rf3 Re4 23. f6 g6 24. g3 Bg5 25. h4 Bxh4 26. gxh4 Rxh4 27. Be5
Re8 28. Re1 Rh1+ 29. Kg2 Rxe1 30. Qxe1 Qg5+ 31. Kf1 Rxe5 32. Qa5 Qc1+ 33. Kg2
Rg5+ 34. Rg3 Rxg3+ 35. Kxg3 Qg5+ 36. Kh3 Qxf6 37. Qxa7 Qxb2 38. Kg4 h5+ 39. Kf4
Kg7 40. Qb8 Qd4+ 41. Kg3 b5 42. Qc7 Qc3+ 43. Kf4 Qxc2 44. Kg3 Qc3+ 45. f3 Qf6
46. Kf2 d4 47. Ke2 Qe6+ 48. Kd1 Qd5 49. f4 c5 50. a3 c4 51. Qa5 c3 52. a4 Qb3+
53. Ke2 Qxa4 54. Qc7 Qc2+ 55. Kf3 Qd3+ 56. Kg2 Qe2+ 57. Kh3 c2 58. f5 Qf3+ 59.
Kh2 Qxf5 0-1

[Event "XXVII Festival Isola d'Elba A"]
[Site "Capoliveri ITA"]
[Date "2009.05.??"]
[Round "3"]
[White "Evangelisti, Claudio R."]
[Black "Pulito, Alberto"]
[Result "0-1"]
[WhiteElo "2260"]
[BlackElo "2256"]
[PlyCount "98"]
[EventDate "2009.05.10"]

1. c4 e6 2. d4 d5 3. Nf3 Nf6 4. Nc3 c6 5. e3 Bd6 6. Qc2 Nbd7 7. Be2 dxc4 8.
Bxc4 Qe7 9. O-O O-O 10. h3 e5 11. Rd1 Bb8 12. Bb3 h6 13. Nh4 Rd8 14. Nf5 Qe8
15. Ne4 Nxe4 16. Qxe4 Nf8 17. dxe5 Rxd1+ 18. Bxd1 Bxf5 19. Qxf5 Qxe5 20. Qxe5
Bxe5 21. f4 Rd8 22. Bf3 Bc7 23. Kf1 Ne6 24. Ke2 Re8 25. Kd3 Nc5+ 26. Kc2 Ne4
27. Bxe4 Rxe4 28. g4 g6 29. Kd3 f5 30. Bd2 Bb6 31. Rc1 Kf7 32. Rc4 Rxc4 33.
Kxc4 Ke6 34. gxf5+ gxf5 35. Kd3 Kd5 36. Bc3 a6 37. Bg7 h5 38. b4 a5 39. a3 axb4
40. axb4 Bd8 41. Bf8 b6 42. Bg7 Be7 43. Bc3 Bf8 44. b5 cxb5 45. Bf6 Bc5 46. Bg7
b4 47. Bf6 b3 48. Be5 Ba3 49. Bd4 b2 0-1

[Event "XXVII Festival Isola d'Elba A"]
[Site "Capoliveri ITA"]
[Date "2009.05.??"]
[Round "3"]
[White "Horton-Kitchlew, Andrew"]
[Black "Novelli, Cristiano"]
[Result "1-0"]
[WhiteElo "2052"]
[BlackElo "2099"]
[PlyCount "85"]
[EventDate "2009.05.10"]

1. e4 c5 2. Bc4 e6 3. a3 d5 4. exd5 exd5 5. Ba2 Nc6 6. Nf3 Nf6 7. O-O Be7 8. d3
O-O 9. Re1 h6 10. Bf4 Bg4 11. Nbd2 Bd6 12. Bg3 Bxg3 13. hxg3 Qd6 14. Nf1 Rad8
15. Ne3 h5 16. Qd2 Bxf3 17. gxf3 Ne5 18. Kg2 Ng6 19. Nf5 Qd7 20. Qg5 Rde8 21.
b4 b6 22. bxc5 bxc5 23. Bb3 a5 24. c3 Rxe1 25. Rxe1 Re8 26. Rxe8+ Qxe8 27. Ne3
Qe5 28. Qxe5 Nxe5 29. Nxd5 Nxd5 30. Bxd5 Nxd3 31. f4 h4 32. Ba2 Kf8 33. gxh4
Nxf4+ 34. Kf3 Nd3 35. Ke3 Nb2 36. Bb3 a4 37. Bd5 Nd1+ 38. Kd3 Nxf2+ 39. Kc4 Nd1
40. Bf3 Ne3+ 41. Kxc5 Nc2 42. Be4 Ne3 43. Kd4 1-0

[Event "XXVII Festival Isola d'Elba A"]
[Site "Capoliveri ITA"]
[Date "2009.05.??"]
[Round "3"]
[White "Mazzetta, Renato"]
[Black "Facchetti, Gianni"]
[Result "0-1"]
[WhiteElo "1907"]
[BlackElo "2174"]
[PlyCount "52"]
[EventDate "2009.05.10"]

1. e4 e5 2. Nc3 Nf6 3. g3 d5 4. exd5 Nxd5 5. Bg2 Nxc3 6. bxc3 Bc5 7. Ne2 Nc6 8.
h3 O-O 9. O-O Qf6 10. d3 Bf5 11. Be3 Bb6 12. c4 Nd4 13. Nc3 c6 14. Ne4 Qe7 15.
c3 Ne6 16. Qf3 Bg6 17. g4 f5 18. gxf5 Rxf5 19. Qg3 Nf4 20. Bxf4 exf4 21. Qg4
Raf8 22. Bf3 Ra5 23. Rfe1 Bf5 24. Qxf4 Bxh3 25. Qg3 Qd7 26. c5 Bc7 0-1

[Event "XXVII Festival Isola d'Elba A"]
[Site "Capoliveri ITA"]
[Date "2009.05.??"]
[Round "3"]
[White "Molina, Fabrizio"]
[Black "Schiappoli, Dario"]
[Result "1-0"]
[WhiteElo "2240"]
[BlackElo "1959"]
[PlyCount "45"]
[EventDate "2009.05.10"]

1. Nf3 Nf6 2. c4 g6 3. Nc3 Bg7 4. d4 O-O 5. Bg5 d6 6. e3 c6 7. Be2 Qc7 8. Qc2
Nbd7 9. O-O e5 10. Rad1 a6 11. dxe5 dxe5 12. b4 h6 13. Bh4 Re8 14. Nd2 a5 15.
a3 Bf8 16. c5 axb4 17. axb4 b6 18. b5 g5 19. Bg3 Nxc5 20. bxc6 Ba6 21. Bc4 Kg7
22. Qf5 Bc8 23. Qxf6+ 1-0

[Event "XXVII Festival Isola d'Elba A"]
[Site "Capoliveri ITA"]
[Date "2009.05.12"]
[Round "3"]
[White "Ortega, Lexy"]
[Black "Ljubisavljevic, Zivojin Z."]
[Result "1-0"]
[WhiteElo "2442"]
[BlackElo "2278"]
[PlyCount "75"]
[EventDate "2009.05.10"]

1. d4 Nf6 2. Nf3 g6 3. Nc3 Bg7 4. e4 d6 5. Be3 O-O 6. Qd2 Nc6 7. Bh6 e5 8. Bxg7
Kxg7 9. d5 Ne7 10. h4 h5 11. O-O-O Bg4 12. Be2 Bxf3 13. gxf3 a6 14. f4 exf4 15.
Qxf4 Nd7 16. Rdg1 Rh8 17. Rg5 Ng8 18. Rhg1 Ngf6 19. Nd1 Qe7 20. f3 Ne5 21. Ne3
Kf8 22. R5g2 c6 23. Rd1 cxd5 24. Nxd5 Nxd5 25. Rxd5 Qe6 26. Rg1 Ke7 27. Qg5+ f6
28. Qd2 Rad8 29. f4 Ng4 30. Bxg4 hxg4 31. f5 Qf7 32. Rd1 Kf8 33. Rxd6 Rxd6 34.
Qxd6+ Kg7 35. Qf4 Rxh4 36. fxg6 Kxg6 37. Qf5+ Kh6 38. Rd6 1-0

[Event "XXVII Festival Isola d'Elba A"]
[Site "Capoliveri ITA"]
[Date "2009.05.??"]
[Round "3"]
[White "Paleologu, Vladimir"]
[Black "Codenotti, Marco"]
[Result "1/2-1/2"]
[WhiteElo "2191"]
[BlackElo "2035"]
[PlyCount "63"]
[EventDate "2009.05.10"]

1. e4 c5 2. Nf3 d6 3. d4 cxd4 4. Nxd4 Nf6 5. Nc3 a6 6. Bc4 e6 7. Bb3 b5 8. Qe2
Nbd7 9. g4 b4 10. Nd1 Bb7 11. f3 Nc5 12. Nf2 Rc8 13. Be3 Qc7 14. O-O-O Nxb3+
15. Nxb3 Be7 16. Kb1 d5 17. g5 Nd7 18. exd5 Bxd5 19. h4 a5 20. Rxd5 exd5 21.
Bd4 O-O 22. g6 Bf6 23. gxh7+ Kxh7 24. Qd3+ Kg8 25. Ng4 Bxd4 26. Nxd4 Ne5 27.
Nf6+ gxf6 28. Rg1+ Ng6 29. h5 Qh2 30. Rxg6+ fxg6 31. Qxg6+ Kh8 32. Qh6+ 1/2-1/2

[Event "XXVII Festival Isola d'Elba A"]
[Site "Capoliveri ITA"]
[Date "2009.05.??"]
[Round "3"]
[White "Paolinelli, Giacomo"]
[Black "Cordara, Michele"]
[Result "0-1"]
[WhiteElo "2171"]
[BlackElo "2093"]
[PlyCount "48"]
[EventDate "2009.05.10"]

1. e4 c5 2. Nc3 a6 3. a4 b6 4. g3 Bb7 5. Bg2 Nc6 6. d3 e6 7. f4 d5 8. Bd2 d4 9.
Nce2 Nf6 10. h3 c4 11. Nf3 cxd3 12. cxd3 Nb4 13. Qb3 a5 14. O-O Bc5 15. Kh1 O-O
16. g4 Ba6 17. Bxb4 axb4 18. f5 exf5 19. exf5 Nd5 20. f6 g6 21. Ne5 Ne3 22. Be4
Qd6 23. Bxa8 Qxe5 24. Be4 Bc4 0-1

[Event "XXVII Festival Isola d'Elba A"]
[Site "Capoliveri ITA"]
[Date "2009.05.??"]
[Round "3"]
[White "Petrolo, Mauro"]
[Black "Pepino, Enrico"]
[Result "0-1"]
[WhiteElo "1946"]
[BlackElo "2148"]
[PlyCount "56"]
[EventDate "2009.05.10"]

1. e4 c5 2. c3 d5 3. exd5 Qxd5 4. Nf3 Nf6 5. d4 g6 6. Na3 Bg7 7. Bc4 Qe4+ 8.
Be3 O-O 9. h3 cxd4 10. Qxd4 Qxd4 11. Bxd4 Nc6 12. Be3 a6 13. Nc2 b5 14. Be2 e5
15. O-O Bf5 16. Rac1 Nd5 17. Bd2 Bxc2 18. Rxc2 e4 19. Nh2 Rfd8 20. Ng4 Ndb4 21.
cxb4 Nd4 22. Bg5 Nxc2 23. Bxd8 Rxd8 24. b3 Rd2 25. Bd1 Nxb4 26. a4 Bd4 27. axb5
axb5 28. Ne3 Nd3 0-1

[Event "XXVII Festival Isola d'Elba A"]
[Site "Capoliveri ITA"]
[Date "2009.05.??"]
[Round "3"]
[White "Schaberg, Wolfgang"]
[Black "Guerrini, Donato"]
[Result "0-1"]
[WhiteElo "1982"]
[BlackElo "2032"]
[PlyCount "80"]
[EventDate "2009.05.10"]

1. e4 e6 2. d4 d5 3. e5 c5 4. c3 Qb6 5. Nf3 Bd7 6. Be2 Bb5 7. O-O Bxe2 8. Qxe2
Qa6 9. Qe3 Ne7 10. Nh4 Nbc6 11. f4 g6 12. b3 cxd4 13. cxd4 Nb4 14. Qd2 Nec6 15.
Bb2 Qd3 16. a3 Qxd2 17. Nxd2 Nc2 18. Nhf3 Nxa1 19. Rxa1 Rc8 20. Rc1 Bh6 21. g3
O-O 22. Kf2 Na5 23. Rb1 Rc2 24. Ke3 Rfc8 25. Ne1 R2c7 26. h4 Bf8 27. g4 Be7 28.
g5 Kg7 29. Kd3 h6 30. Ng2 b5 31. Ne3 hxg5 32. fxg5 Rh8 33. Ng2 Bd8 34. Rf1 Nc6
35. Rf4 Ne7 36. Nf3 Nf5 37. Ne3 Be7 38. Nxf5+ gxf5 39. Ne1 Kg6 40. Kd2 Bxg5 0-1

[Event "XXVII Festival Isola d'Elba A"]
[Site "Capoliveri ITA"]
[Date "2009.05.??"]
[Round "3"]
[White "Scipioni, Gaetano"]
[Black "Picone, Franco"]
[Result "1/2-1/2"]
[WhiteElo "2060"]
[BlackElo "1886"]
[PlyCount "43"]
[EventDate "2009.05.10"]

1. d4 d5 2. Nf3 Nf6 3. Bg5 h6 4. Bh4 c5 5. e3 Qb6 6. Qc1 Bf5 7. Nc3 e6 8. Bb5+
Nc6 9. O-O Ne4 10. Bxc6+ Qxc6 11. Ne2 Be7 12. Bxe7 Kxe7 13. Ng3 Nxg3 14. fxg3
f6 15. Qe1 b6 16. Qf2 Qe8 17. Rae1 Be4 18. Nd2 Qg6 19. dxc5 bxc5 20. Nb3 Rac8
21. Rc1 h5 22. Nd2 1/2-1/2

[Event "XXVII Festival Isola d'Elba A"]
[Site "Capoliveri ITA"]
[Date "2009.05.??"]
[Round "4"]
[White "Bossoni, Mario"]
[Black "Evangelisti, Claudio R."]
[Result "0-1"]
[WhiteElo "1973"]
[BlackElo "2260"]
[PlyCount "80"]
[EventDate "2009.05.10"]

1. e4 g6 2. d4 Bg7 3. Nf3 d6 4. Nc3 Nf6 5. Be2 O-O 6. h3 a6 7. Be3 b5 8. a3 e6
9. Qd2 Bb7 10. Bg5 Qe8 11. h4 Nxe4 12. Nxe4 Bxe4 13. h5 f6 14. Be3 g5 15. O-O-O
h6 16. Ne1 Nd7 17. f4 Qe7 18. Nf3 Nb6 19. fxg5 fxg5 20. Bd3 Bxd3 21. Qxd3 Rf5
22. Nh2 Nc4 23. Ng4 Raf8 24. c3 Nxe3 25. Nxe3 Rf4 26. Rde1 Qf7 27. d5 e5 28.
Ref1 Rxf1+ 29. Nxf1 Qf4+ 30. Ne3 e4 31. Qe2 Be5 32. Rf1 Qg3 33. Rxf8+ Kxf8 34.
Kc2 Qf4 35. Ng4 Kg7 36. Nf2 e3 37. Ng4 Qe4+ 38. Kb3 Qxd5+ 39. Kc2 Qe4+ 40. Kb3
Bf4 0-1

[Event "XXVII Festival Isola d'Elba A"]
[Site "Capoliveri ITA"]
[Date "2009.05.??"]
[Round "4"]
[White "Codenotti, Marco"]
[Black "Mazzetta, Renato"]
[Result "1-0"]
[WhiteElo "2035"]
[BlackElo "1907"]
[PlyCount "37"]
[EventDate "2009.05.10"]

1. e4 d5 2. exd5 Qxd5 3. Nc3 Qd6 4. d4 Nf6 5. Nf3 c6 6. Ne5 Bf5 7. Bf4 Qb4 8.
Nc4 e6 9. a3 Qe7 10. Nd6+ Kd8 11. Be2 Qd7 12. Nxf5 exf5 13. O-O h6 14. Bf3 Nd5
15. Nxd5 cxd5 16. c4 dxc4 17. Rc1 Na6 18. Rxc4 Rc8 19. Qc2 1-0

[Event "XXVII Festival Isola d'Elba A"]
[Site "Capoliveri ITA"]
[Date "2009.05.??"]
[Round "4"]
[White "Cordara, Michele"]
[Black "Molina, Fabrizio"]
[Result "1/2-1/2"]
[WhiteElo "2093"]
[BlackElo "2240"]
[PlyCount "64"]
[EventDate "2009.05.10"]

1. Nf3 d5 2. d4 Nf6 3. e3 g6 4. b3 Bg7 5. Bb2 O-O 6. Bd3 Re8 7. O-O Bf5 8. Bxf5
gxf5 9. Qd3 e6 10. c4 c6 11. Nc3 Ne4 12. Nd2 Nd7 13. f3 Nxd2 14. Qxd2 Qg5 15.
Ba3 dxc4 16. f4 Qd8 17. bxc4 Qa5 18. Bb2 Nb6 19. c5 Nd5 20. Rad1 Nf6 21. Rf3
Red8 22. Nd5 Qxd2 23. Nxf6+ Bxf6 24. Rxd2 h6 25. Rc2 Rd5 26. Rf1 Rc8 27. Rfc1
Bd8 28. Ba3 Kh7 29. Kf2 Kg6 30. Kf3 f6 31. Bb2 Kf7 32. h3 Ba5 1/2-1/2

[Event "XXVII Festival Isola d'Elba A"]
[Site "Capoliveri ITA"]
[Date "2009.05.??"]
[Round "4"]
[White "Facchetti, Gianni"]
[Black "Horton-Kitchlew, Andrew"]
[Result "1-0"]
[WhiteElo "2174"]
[BlackElo "2052"]
[PlyCount "117"]
[EventDate "2009.05.10"]

1. e4 d6 2. d4 g6 3. Nc3 Bg7 4. Be3 c6 5. h3 Nd7 6. Nf3 b5 7. Bd3 Rb8 8. O-O
Nb6 9. Nd2 Nf6 10. f4 Be6 11. b3 Qc8 12. Qf3 a6 13. a4 O-O 14. a5 Na8 15. Ne2
c5 16. d5 Bd7 17. Ra2 Re8 18. c3 Nc7 19. c4 Rf8 20. Bf2 Nfe8 21. Bh4 Qd8 22.
Qg3 bxc4 23. bxc4 f6 24. Qe3 Rb4 25. Bg3 Bh6 26. Bc2 Qc8 27. Kh2 Ng7 28. Qc3
Nh5 29. Be1 e5 30. f5 gxf5 31. exf5 Ne8 32. g4 Nf4 33. Nxf4 Bxf4+ 34. Kg2 Rf7
35. Kf3 Qb7 36. Bd3 Rg7 37. Qc2 h5 38. Ne4 hxg4+ 39. hxg4 Rb3 40. Rh1 Qb8 41.
Rh5 Bc8 42. Bh4 Kf7 43. Nd2 Bxd2 44. Qxd2 Qb4 45. Qxb4 cxb4 46. Rd2 Ra3 47. g5
Bxf5 48. Ke3 fxg5 49. Bxg5 Kg6 50. Rh8 Kxg5 51. Rxe8 e4 52. Rg2+ Kf6 53. Rf8+
Rf7 54. Rxf7+ Kxf7 55. Kf4 exd3 56. Kxf5 Rxa5 57. Rb2 Rc5 58. Rxb4 d2 59. Rb7+
1-0

[Event "XXVII Festival Isola d'Elba A"]
[Site "Capoliveri ITA"]
[Date "2009.05.??"]
[Round "4"]
[White "Guerrini, Donato"]
[Black "Bardelli, Alberto"]
[Result "1-0"]
[WhiteElo "2032"]
[BlackElo "1802"]
[PlyCount "71"]
[EventDate "2009.05.10"]

1. Nf3 Nf6 2. g3 g6 3. b4 d5 4. Bb2 Bg7 5. d3 O-O 6. Bg2 Na6 7. a3 c6 8. Nbd2
Bg4 9. c4 Nc7 10. Qb3 Qc8 11. h3 Bd7 12. Ne5 Be6 13. Ndf3 dxc4 14. dxc4 Nd7 15.
Nxd7 Bxb2 16. Qxb2 Bxd7 17. Rd1 f6 18. Qd4 Rd8 19. O-O Bf5 20. Qh4 Kg7 21. e4
Be6 22. e5 a5 23. Nd4 Bf7 24. Rfe1 axb4 25. axb4 Ne6 26. exf6+ exf6 27. Nxe6+
Qxe6 28. Rxe6 Rxd1+ 29. Kh2 Bxe6 30. Qe4 Kf7 31. b5 Rd6 32. Qh4 h5 33. c5 Rd7
34. bxc6 bxc6 35. Bxc6 Rc7 36. Bxa8 1-0

[Event "XXVII Festival Isola d'Elba A"]
[Site "Capoliveri ITA"]
[Date "2009.05.??"]
[Round "4"]
[White "Ljubisavljevic, Zivojin Z."]
[Black "Colombo, Paolo"]
[Result "1-0"]
[WhiteElo "2278"]
[BlackElo "2138"]
[PlyCount "81"]
[EventDate "2009.05.10"]

1. d4 d6 2. e4 Nf6 3. Nc3 c6 4. f4 Qa5 5. e5 Ne4 6. Bd3 Nxc3 7. Qd2 e6 8. bxc3
d5 9. Nf3 Be7 10. O-O g6 11. c4 Qc7 12. a4 O-O 13. f5 exf5 14. Qh6 f6 15. Bf4
Qd8 16. Rae1 Rf7 17. exf6 Bxf6 18. Ne5 Rg7 19. Nf3 Nd7 20. cxd5 cxd5 21. Re6
Nf8 22. Rxf6 Qxf6 23. Be5 Qe7 24. a5 Bd7 25. Rb1 Bc6 26. Bxg7 Qxg7 27. Qxg7+
Kxg7 28. Ne5 Ne6 29. a6 Nd8 30. Bb5 Rc8 31. Bxc6 bxc6 32. Nd7 Rc7 33. Nc5 Kf7
34. Rb7 Re7 35. Kf2 Ne6 36. Nb3 Nc7 37. Rxa7 Ke8 38. Na5 Kd7 39. Rb7 Re8 40.
Rb6 Ra8 41. Nxc6 1-0

[Event "XXVII Festival Isola d'Elba A"]
[Site "Capoliveri ITA"]
[Date "2009.05.??"]
[Round "4"]
[White "Novelli, Cristiano"]
[Black "Giacometto, Mario"]
[Result "1-0"]
[WhiteElo "2099"]
[BlackElo "1974"]
[PlyCount "49"]
[EventDate "2009.05.10"]

1. e4 e6 2. Nf3 d5 3. e5 Bd7 4. c3 c5 5. b4 cxb4 6. Bd3 Nc6 7. O-O Nge7 8. a3
bxc3 9. Nxc3 Ng6 10. Re1 f6 11. Bxg6+ hxg6 12. d4 Kf7 13. Qd3 Be7 14. Rb1 Na5
15. Ne2 g5 16. g3 g4 17. Nh4 f5 18. Nxf5 exf5 19. e6+ Bxe6 20. Nf4 Bc8 21. Rb5
Nc6 22. Rxd5 Qf8 23. Qc4 Kf6 24. Rd6+ Kg5 25. Rg6# 1-0

[Event "XXVII Festival Isola d'Elba A"]
[Site "Capoliveri ITA"]
[Date "2009.05.??"]
[Round "4"]
[White "Pepino, Enrico"]
[Black "Paolinelli, Giacomo"]
[Result "0-1"]
[WhiteElo "2148"]
[BlackElo "2171"]
[PlyCount "90"]
[EventDate "2009.05.10"]

1. e4 e5 2. Nf3 Nc6 3. d4 exd4 4. Nxd4 Bb4+ 5. c3 Bc5 6. Be3 Bb6 7. g3 Nge7 8.
Bg2 O-O 9. O-O d6 10. Na3 Nxd4 11. Bxd4 Be6 12. Re1 Qd7 13. Nc2 Bh3 14. Bh1
Rae8 15. Ne3 c5 16. Bxg7 Kxg7 17. Qh5 Be6 18. Qg5+ Kh8 19. Qf6+ Kg8 20. f4 c4
21. Bf3 Ng6 22. Kh1 Qe7 23. Qxe7 Rxe7 24. f5 Bxe3 25. fxg6 Bc5 26. gxh7+ Kxh7
27. e5 d5 28. Rad1 Rd7 29. b4 Bb6 30. a4 a5 31. bxa5 Bxa5 32. Re3 Ra8 33. Rd4
Bb6 34. Rh4+ Kg7 35. Re2 Rxa4 36. Bg4 Ra1+ 37. Kg2 Re7 38. Rb2 Ra6 39. Rb1 Bxg4
40. Rxg4+ Kf8 41. Rh4 Rxe5 42. Rh8+ Kg7 43. Rb8 Re7 44. h4 Ba5 45. Rb5 Rd7 0-1

[Event "XXVII Festival Isola d'Elba A"]
[Site "Capoliveri ITA"]
[Date "2009.05.??"]
[Round "4"]
[White "Petrolo, Mauro"]
[Black "Cacinschi, Alexandru"]
[Result "1/2-1/2"]
[WhiteElo "1946"]
[BlackElo "1949"]
[PlyCount "165"]
[EventDate "2009.05.10"]

1. e4 e6 2. d4 d5 3. Nd2 c5 4. exd5 exd5 5. Bb5+ Bd7 6. Qe2+ Be7 7. dxc5 Nf6 8.
Ngf3 O-O 9. Bxd7 Qxd7 10. O-O Bxc5 11. Nb3 Bb6 12. Be3 Re8 13. Nbd4 Nc6 14. Qd3
Rac8 15. c3 Ne4 16. Rad1 Rcd8 17. Rfe1 h6 18. Nb3 Bc7 19. Nc5 Qc8 20. Qb5 b6
21. Na6 Nf6 22. Nxc7 Qxc7 23. h3 Na5 24. Nd4 Nc4 25. Bc1 Nd6 26. Qc6 Rxe1+ 27.
Rxe1 Qxc6 28. Nxc6 Rd7 29. Re7 Rxe7 30. Nxe7+ Kf8 31. Nc6 Nc8 32. Bf4 Ke8 33.
Be5 Kd7 34. Bxf6 gxf6 35. Nd4 Nd6 36. Kf1 a5 37. Ke2 Ke7 38. b3 f5 39. f3 Kf6
40. Kd3 f4 41. Ne2 Ke5 42. a4 h5 43. Nd4 Nc8 44. b4 Ne7 45. bxa5 bxa5 46. Nb3
Nc8 47. Nxa5 Nb6 48. Nc6+ Kd6 49. Nb4 Nxa4 50. Kd4 Nb6 51. Nd3 Nc8 52. Nxf4 Ne7
53. Nxh5 Nf5+ 54. Kd3 Nh4 55. Nf4 Ke5 56. g3 Nxf3 57. Ke3 Ng5 58. h4 Ne4 59.
Ne2 Nf6 60. Kf3 Kf5 61. Nd4+ Kg6 62. g4 Ne4 63. Ne2 Kf6 64. Kf4 Nf2 65. g5+ Kg6
66. Ng3 Nd3+ 67. Ke3 Ne5 68. Kd4 Nf3+ 69. Kxd5 Nxh4 70. Ne4 Nf5 71. c4 Ne7+ 72.
Kd6 Nc8+ 73. Kc7 Ne7 74. Kd7 Nf5 75. c5 Nd4 76. c6 Nb5 77. Nd6 Nc3 78. Ne4 Nb5
79. Nd6 Nc3 80. Nc8 Kxg5 81. Ne7 Nb5 82. Nd5 f5 83. c7 1/2-1/2

[Event "XXVII Festival Isola d'Elba A"]
[Site "Capoliveri ITA"]
[Date "2009.05.??"]
[Round "4"]
[White "Picone, Franco"]
[Black "Acunzo, Domenico"]
[Result "1-0"]
[WhiteElo "1886"]
[BlackElo "1830"]
[PlyCount "159"]
[EventDate "2009.05.10"]

1. d4 e6 2. Bf4 f5 3. Nf3 Nf6 4. e3 d5 5. Bd3 c6 6. c3 Be7 7. Nbd2 Ne4 8. Ne5
O-O 9. Qe2 a5 10. Bxe4 fxe4 11. h4 Nd7 12. Qg4 Nxe5 13. dxe5 Rf7 14. O-O-O a4
15. Nxe4 Qb6 16. Ng5 Rf5 17. Qh5 h6 18. Qe8+ Rf8 19. Qxe7 hxg5 20. hxg5 Qd8 21.
Qxd8 Rxd8 22. Rh4 Kf7 23. Rdh1 Bd7 24. Rg4 Kg6 25. Rgh4 b5 26. a3 c5 27. Kc2
Rdc8 28. Bg3 Kxg5 29. Rf4 Rf8 30. Rhh4 Kg6 31. f3 Bc6 32. Rfg4+ Kf7 33. Rh7 Rg8
34. Bh4 Kf8 35. Rg6 Re8 36. Bf6 Kf7 37. Rgxg7+ Rxg7 38. Rxg7+ Kf8 39. Rc7 Ba8
40. Rxc5 Kf7 41. Rc7+ Kg6 42. Rg7+ Kh6 43. f4 d4 44. exd4 Be4+ 45. Kd2 Rc8 46.
g4 b4 47. g5+ Kh5 48. Be7 bxc3+ 49. bxc3 Kg4 50. g6 Kh5 51. Bg5 Bxg6 52. Ra7
Rb8 53. Rxa4 Rb2+ 54. Ke3 Rb3 55. Rc4 Rxa3 56. Kf3 Bf5 57. Ke3 Kg4 58. Kd2 Ra2+
59. Ke3 Ra1 60. Rc8 Re1+ 61. Kd2 Ra1 62. c4 Kf3 63. Rf8 Be4 64. Rf6 Ra3 65.
Rxe6 Rd3+ 66. Kc2 Rxd4+ 67. Kc3 Rd1 68. Rd6 Rc1+ 69. Kb4 Rb1+ 70. Kc5 Rb8 71.
e6 Rc8+ 72. Kd4 Bg6 73. e7 Re8 74. c5 Bf7 75. Ke5 Kg4 76. Rd8 Kh5 77. Rxe8 Bxe8
78. Kd6 Kg6 79. c6 Kf7 80. c7 1-0

[Event "XXVII Festival Isola d'Elba A"]
[Site "Capoliveri ITA"]
[Date "2009.05.13"]
[Round "4"]
[White "Pulito, Alberto"]
[Black "Ortega, Lexy"]
[Result "0-1"]
[WhiteElo "2256"]
[BlackElo "2442"]
[PlyCount "110"]
[EventDate "2009.05.10"]

1. e4 e5 2. d4 exd4 3. Qxd4 Nc6 4. Qe3 Nf6 5. Nc3 Bb4 6. Bd2 O-O 7. O-O-O Re8
8. Qg3 Rxe4 9. a3 Bd6 10. f4 Re8 11. Bd3 Bf8 12. Nf3 d5 13. Rde1 Ne7 14. Re5 c5
15. Rhe1 c4 16. Nxd5 Nexd5 17. Bxh7+ Kxh7 18. Qh4+ Kg8 19. Rxe8 Qd6 20. Ng5 c3
21. Bxc3 Nxc3 22. bxc3 Qxa3+ 23. Kd2 Qd6+ 24. Kc1 b6 25. R1e3 Qc5 26. Rd3 Qg1+
27. Kb2 Bf5 28. Rh3 Bxh3 29. Rxa8 Qxg2 30. Rxf8+ Kxf8 31. Nxh3 Qxh2 32. f5 Kg8
33. Kb3 a5 34. c4 Qh1 35. Kb2 Qe4 36. Qg3 Qxf5 37. Ng5 Nd7 38. Nf3 Qf6+ 39. c3
g6 40. Nd4 Nc5 41. Qe3 Qf2+ 42. Qxf2 Nd3+ 43. Ka3 Nxf2 44. Ka4 Ne4 45. Ne2 Nd6
46. c5 bxc5 47. Kxa5 f5 48. Kb6 Ne4 49. Kc6 Kf7 50. Kd5 Kf6 51. c4 g5 52. Nc1
g4 53. Nd3 g3 54. Nf4 Kg5 55. Ng2 Nd2 0-1

[Event "XXVII Festival Isola d'Elba A"]
[Site "Capoliveri ITA"]
[Date "2009.05.??"]
[Round "4"]
[White "Ricci, Alfredo"]
[Black "Paleologu, Vladimir"]
[Result "0-1"]
[WhiteElo "2024"]
[BlackElo "2191"]
[PlyCount "58"]
[EventDate "2009.05.10"]

1. e4 Nc6 2. Nc3 e5 3. g3 Bc5 4. Bg2 d6 5. h3 Be6 6. d3 Nge7 7. Nge2 Qd7 8. Na4
Bb6 9. Nxb6 axb6 10. a3 d5 11. Bd2 dxe4 12. dxe4 O-O-O 13. Be3 Qe8 14. Qc1 f6
15. f4 Bc4 16. Kf2 Bxe2 17. Kxe2 Nd4+ 18. Kf2 Qc6 19. Bxd4 Rxd4 20. Rd1 Qc5 21.
Rxd4 Qxd4+ 22. Kf3 Rd8 23. Bf1 c5 24. Rb1 Nc6 25. Qe3 Qa4 26. c3 Qc2 27. Qc1
Qh2 28. Bg2 Rd3+ 29. Ke2 Rxg3 0-1

[Event "XXVII Festival Isola d'Elba A"]
[Site "Capoliveri ITA"]
[Date "2009.05.??"]
[Round "4"]
[White "Schiappoli, Dario"]
[Black "Scipioni, Gaetano"]
[Result "1-0"]
[WhiteElo "1959"]
[BlackElo "2060"]
[PlyCount "65"]
[EventDate "2009.05.10"]

1. e4 d6 2. d4 Nf6 3. Nc3 c6 4. Bg5 Nbd7 5. f4 Qa5 6. Qd2 e5 7. Nf3 Be7 8. Bd3
O-O 9. b4 Qc7 10. O-O Re8 11. Kh1 a6 12. Rae1 b5 13. a3 Bb7 14. fxe5 dxe5 15.
dxe5 Nxe5 16. Nxe5 Qxe5 17. Rf5 Qe6 18. Ref1 c5 19. Bxf6 Bxf6 20. Nd5 Be5 21.
Rxf7 Bc6 22. bxc5 Rad8 23. c4 Qg6 24. R7f5 Qg4 25. Qg5 Qxg5 26. Rxg5 h6 27. Rg6
Ba8 28. cxb5 Bxd5 29. exd5 axb5 30. Bxb5 Rf8 31. Rxf8+ Kxf8 32. d6 Kf7 33. Rg4
1-0